LEADER 01896nam a2200361 a 4500 001 000000162694 003 CaOOAMICUS 005 20170918093046.0 008 170918s2017 mx u000 u spa r 020 $a978-607-7652-91-5* 032 $aLibriCat 040 $aPUL$bita 082 04$a253 100 1 $aGranados, José,$csac.,$d1970-$0(OLS)http://pul/name/72270 245 10$aAcompañar, discernir, integrar :$bvademécum para una nueva pastoral familiar a partir de la Exhortacion Amoris laetitia /$cJosé Granados, Stephan Kampowski, J.J. Pérez-Soba. 260 $a[S.l.] :$bInstituto Cencalli S.C.,$c©2017$aHuixquilucan (Mexico) :$bPontificio Instituto Juan Pablo II para Estudios sobre Matrimonio y Familia 300 $a172 p. ;$c22 cm. 490 1 $aEstudios 504 $aBibliografia in nota. 650 4$aFamiglia$xTeologia pastorale.$0(OLS)http://pul/subject/44167 700 1 $aKampowski, Stephan Martin.$0(OLS)http://pul/name/57074 700 1 $aPérez-Soba, Juan José,$d1964-$0(OLS)http://pul/name/76278 830 0$aEstudios (Instituto Cencalli S.C.).$0(OLS)http://pul/title/202446 850 $aPUL 852 $aPUL$W1$xDP2 Religione 3$y114$m253 GRAJO 2$j186671$qDDC 21$B189915$CPULBib$Z2$F189915 $H130084 $81 941 1 $a9 960 $aPastorale familiare$944167 996 $6020$a978-607-7652-91-5*$9(OLS)http://pul/number/163089 996 $6082$a253$9(OLS)http://pul/classification/487 996 $6245$aAcompañar, discernir, integrar :$bvademécum para una nueva pastoral familiar a partir de la Exhortacion Amoris laetitia$9(OLS)http://pul/title/202445 996 $6260$a[S.l.] :$bInstituto Cencalli S.C.$9(OLS)http://pul/publisher/86429 996 $6260$aHuixquilucan (Mexico) :$bPontificio Instituto Juan Pablo II para Estudios sobre Matrimonio y Familia$9(OLS)http://pul/publisher/86430 LEADER 01250nam a2200313 a 4500 001 000000157120 003 CaOOAMICUS 005 20161205133023.0 008 161205s2016 it u000 u ita r 020 $z978-88-92-10422-8* 032 $aLibriCat 040 $aPUL$bita 082 04$a342.4506 100 1 $aTravi, Aldo,$d1952-$0(OLS)http://pul/name/70230 245 10$aLezioni di giustizia amministrativa /$cAldo Travi. 250 $a12. ed. 260 $aTorino :$bG. Giappichelli,$c©2016. 300 $aXIII, 401 p. ;$c24 cm. 500 $aTesto su colonne. 650 4$aProcedimento amministrativo.$0(OLS)http://pul/subject/38287 650 4$aGiustizia amministrativa$vManuali, compendi.$0(OLS)http://pul/subject/35337 850 $aPUL 852 $aPUL$W1$xSL Diritto e Scienze Sociali 3$y79$m342. 4506 TRAAL 1$j180405$qDDC 21$B183530$CPULBib$Z2$F183530 $H128501 $81 941 1 $a9 996 $6020$z978-88-92-10422-8*$9(OLS)http://pul/number/161637 996 $6082$a342.4506$9(OLS)http://pul/classification/1804 996 $6245$aLezioni di giustizia amministrativa$9(OLS)http://pul/title/196723 996 $6260$aTorino :$bG. Giappichelli$9(OLS)http://pul/publisher/49130